Prevention and cure of deafness through Muncie reconstruction method, (Record no. 90546)

MARC details
000 -LEADER
fixed length control field 00973cam a22002411 4500
001 - CONTROL NUMBER
control field sg 45000069
003 - CONTROL NUMBER IDENTIFIER
control field DLC
005 - DATE AND TIME OF LATEST TRANSACTION
control field 20260227112745.0
008 - FIXED-LENGTH DATA ELEMENTS--GENERAL INFORMATION
fixed length control field 820128s1944 xx a 000 0 eng
010 ## - LIBRARY OF CONGRESS CONTROL NUMBER
LC control number sg 45000069
035 ## - SYSTEM CONTROL NUMBER
System control number (OCoLC)14736686
040 ## - CATALOGING SOURCE
Original cataloging agency DLC
Transcribing agency DNLM
Modifying agency DLC
042 ## - AUTHENTICATION CODE
Authentication code premarc
050 00 - LIBRARY OF CONGRESS CALL NUMBER
Classification number RF290
Item number .M78 1944
060 0# - NATIONAL LIBRARY OF MEDICINE CALL NUMBER
Classification number WV 276
Item number M963p 1944
100 1# - MAIN ENTRY--PERSONAL NAME
Personal name Muncie, Curtis H.
Fuller form of name (Curtis Hamilton),
Dates associated with a name 1887-
245 10 - TITLE STATEMENT
Title Prevention and cure of deafness through Muncie reconstruction method,
Statement of responsibility, etc. by Dr. Curtis H. Muncie; outlining constructive finger surgery, reconstruction of the Eustachian tube, reconstruction of the nares, reconstruction of the tonsils.
250 ## - EDITION STATEMENT
Edition statement 7th rev. ed.
260 ## - PUBLICATION, DISTRIBUTION, ETC.
Place of publication, distribution, etc. New York city,
Name of publisher, distributor, etc. The Muncie institute for hearing,
Date of publication, distribution, etc. c1944.
300 ## - PHYSICAL DESCRIPTION
Extent 75 p. 6 pl.
Other physical details ill.
504 ## - BIBLIOGRAPHY, ETC. NOTE
Bibliography, etc. note "Technical writings by the author": p. 67-69. "Lay publications and biographies": p. 70.
710 2# - ADDED ENTRY--CORPORATE NAME
Corporate name or jurisdiction name as entry element Muncie institute for hearing, New York.

No items available.

Powered by Koha